<?xml version="1.0" encoding="UTF-8"?>
<collection xmlns="http://www.loc.gov/MARC21/slim">
 <record>
  <leader>01548nam a2200217Ia 4500</leader>
  <controlfield tag="001">TDMU_19613</controlfield>
  <controlfield tag="008">210410s9999    xx            000 0 und d</controlfield>
  <datafield tag="082" ind1=" " ind2=" ">
   <subfield code="a">398.09597</subfield>
  </datafield>
  <datafield tag="090" ind1=" " ind2=" ">
   <subfield code="b">Đ312</subfield>
  </datafield>
  <datafield tag="100" ind1=" " ind2=" ">
   <subfield code="a">Đinh, Hồng Hải</subfield>
  </datafield>
  <datafield tag="245" ind1=" " ind2="0">
   <subfield code="a">Hình tượng và tạo hình trong văn hóa dân gian Việt Nam</subfield>
  </datafield>
  <datafield tag="245" ind1=" " ind2="0">
   <subfield code="c">Đinh Hồng Hải, Trần Gia Linh, Lê Cường</subfield>
  </datafield>
  <datafield tag="260" ind1=" " ind2=" ">
   <subfield code="a">H.</subfield>
  </datafield>
  <datafield tag="260" ind1=" " ind2=" ">
   <subfield code="b">Văn hóa dân tộc</subfield>
  </datafield>
  <datafield tag="260" ind1=" " ind2=" ">
   <subfield code="c">2012</subfield>
  </datafield>
  <datafield tag="300" ind1=" " ind2=" ">
   <subfield code="a">416tr.</subfield>
  </datafield>
  <datafield tag="520" ind1=" " ind2=" ">
   <subfield code="a">TM tài liệu tham khảo tr. 408 - 411; Những hình tượng nghệ thuật tiêu biểu trong văn hóa truyền thống Việt Nam (câu đố, tam đa, tứ linh, tứ quý...); cây tre trong văn hóa dân gian truyền thống (cây tre và họ hàng nhà tre, cây tre trong thể loại tự sự dân gian, trong ngạn ngữ, phương ngôn, câu đố, thơ...); hình tượng thờ trong di tích (điêu khắc truyền thống, tượng người thờ, phù điêu con người...)</subfield>
  </datafield>
  <datafield tag="650" ind1=" " ind2=" ">
   <subfield code="a">Văn hóa dân gian</subfield>
   <subfield code="x">Nghiên cứu</subfield>
   <subfield code="x">Hình thượng và tạo hình</subfield>
   <subfield code="z">Việt Nam; Nghiên cứu văn hóa</subfield>
   <subfield code="x">Hình thượng và tạo hình</subfield>
   <subfield code="z">Việt Nam; Việt Nam</subfield>
   <subfield code="x">Văn hóa</subfield>
   <subfield code="x">Nghiên cứu</subfield>
   <subfield code="x">Hình thượng và tạo hình</subfield>
  </datafield>
  <datafield tag="700" ind1=" " ind2=" ">
   <subfield code="a">Trần, Gia Linh</subfield>
  </datafield>
  <datafield tag="856" ind1=" " ind2=" ">
   <subfield code="u">http://lrc.tdmu.edu.vn/opac/search/detail.asp?aID=2&amp;ID=19613</subfield>
  </datafield>
  <datafield tag="980" ind1=" " ind2=" ">
   <subfield code="a">Trung tâm Học liệu Trường Đại học Thủ Dầu Một</subfield>
  </datafield>
 </record>
</collection>
